01372nam a2200349 i 450000500170000000700030001700800410002002000180006104000350007904100080011408400110012210000430013324500780017625000220025426400340027630000580031033600270036833700330039533800280042849000350045650501440049152100530063554500730068865000500076165000500081165000400086165000290090165000230093070000390095394200150099299900150100720220317002056.0ta201209s2015 ck a|||jr|||| 00| j spa d a9789588812502 aCO-BoRNBPbspaerdacCO-BoRNBP0 aspa aC ARC71 aArciniegas, Gabriela A.d1975-eautora10aBestias bonce cuentoscGabriela A. Arciniegas ; dibujos de Rafael Díaz aPrimera edición 1aBogotábLaguna Librosc2015 a122 páginasbilustraciones en blanco y negroc20 cm 2rdacontentatextobtxt 2rdamediaasin mediaciónbn 2rdacarrieravolumenbnc0 aColección Laguna Continental00tLa iratRocíotPleistocénicatBaaltLa iratBlattatPupilatRegido por la lunatConjuradostTeratomatAlitatLa lengua de los Ángeles aRecomendado para un público mayor de 12 años aIncluye datos biográficos de la autora e ilustrador en las solapas17aCuentos juveniles colombianosySiglo XX2LEMB17aLiteratura juvenil colombianaySiglo XX2LEMB17aAutores colombianosySiglo XX2LEMB17aÁngelesvCuentos2LEMB17aIravCuentos2LEMB1 aDíaz, Rafaeldilustrador9164316 2loccBKLIT c9110d9110